| 000 | 00337nam a2200121 a 4500 | ||
|---|---|---|---|
| 001 | 000038363 | ||
| 005 | 20201002031234.0 | ||
| 008 | 130409s1957 dr 000 0 spa d | ||
| 040 |
_aDO-SdBNP _bspa _cBNPHU |
||
| 245 | 0 | 0 | _aEncuesta acerca del general Santana. |
| 260 |
_aCiudad Trujillo : _b[El Caribe], _c1957. |
||
| 300 |
_a189 p. ; _c27 cm. |
||
| 999 |
_c37853 _d37853 |
||